Statistics for 青森県の戦前市制・町制

Click here to take the quiz!

General Stats

  • This quiz has been taken 21 times
  • The average score is 21 of 38

Answer Stats

施行日施行内容所属郡回答% Correct
1929.05.01市制(市)八戸市
100%
1898.04.01市制(市)青森市
100%
1942.11.03町制下北郡大間町
88%
1889.04.01市制(市)弘前市
88%
1897.08.27町制上北郡野辺地町
75%
1889.04.01町制東津軽郡青森町
75%
1898.07.01町制北津軽郡五所川原町
75%
1926.04.01町制西津軽郡深浦町
75%
1889.04.01町制三戸郡三戸町
75%
1915.11.01町制三戸郡五戸町
75%
1889.04.01町制三戸郡八戸町
63%
1940.06.01町制南津軽郡浪岡町
63%
1923.04.01町制南津軽郡大鰐町
63%
1920.02.11町制北津軽郡金木町
63%
1910.09.01町制上北郡三本木町
63%
1889.04.01町制西津軽郡鯵ヶ沢町
63%
1941.10.01町制北津軽郡鶴田町
63%
1899.01.01町制下北郡田名部町
63%
1889.04.01町制南津軽郡黒石町
63%
1928.11.10町制下北郡大湊町
63%
1928.11.10町制三戸郡田子町
50%
1941.10.05町制東津軽郡蟹田町
50%
1923.05.20町制南津軽郡藤崎町
50%
1920.04.01町制北津軽郡板柳町
50%
1902.09.01町制上北郡七戸町
50%
1901.05.01町制西津軽郡木造町
50%
1934.05.01町制下北郡大畑町
50%
1924.11.10町制三戸郡小中野町
38%
1924.11.10町制三戸郡湊町
38%
1928.10.01町制東津軽郡小湊町
38%
1941.09.10町制北津軽郡中里町
38%
1923.04.01町制南津軽郡石川町
25%
1929.04.20町制上北郡百石町
25%
1937.04.01町制南津軽郡尾上町
13%
1929.07.01町制南津軽郡柏木町
13%
1919.04.01町制東津軽郡油川町
13%
1917.10.31町制下北郡川内町
13%
1943.04.01町制南津軽郡大光寺町
13%

Score Distribution

Percentile by Number Answered

Percent of People with Each Score

Your Score History

You have not taken this quiz